000 nam a22 7a 4500
999 _c10563
_d10563
008 180219b ||||| |||| 00| 0 eng d
100 _aRajput,A.
_95021
245 _aMath Power-IV
260 _aNew Delhi
_bFK Publications
_c2013